[Event "ch-RUS Blitz 2017"]
[Site "Sochi RUS"]
[Date "2017.10.02"]
[Round "18.19"]
[White "Yuffa, Daniil"]
[Black "Kozak, Alexander"]
[Result "1-0"]
[WhiteTitle "GM"]
[BlackTitle "FM"]
[WhiteElo "2527"]
[BlackElo "2315"]
[WhiteFideId "24131423"]
[BlackFideId "4135881"]
[EventDate "2017.10.02"]
[EventType "blitz"]

1. d4 g6 2. c4 Bg7 3. Nc3 c5 4. d5 Bxc3+ 5. bxc3 f5 6. e4 fxe4 7. f3 Nf6 8. fxe4
d6 9. Bd3 Qa5 10. Bd2 Nbd7 11. Nf3 Ng4 12. O-O Nde5 13. Be2 Bd7 14. h3 Nxf3+ 15.
gxf3 Nf6 16. Kh2 O-O-O 17. Bd3 g5 18. Qb3 Rdg8 19. Rg1 h6 20. Rae1 e5 21. dxe6
Bxe6 22. f4 Qc7 23. Qd1 g4 24. f5 d5+ 25. e5 dxc4 26. fxe6 cxd3 27. Bf4 Nh5 28.
Rxg4 Nxf4 29. Rxf4 h5 30. Qxd3 Qg7 31. Qf3 Rf8 32. Rf7 Qh6 33. Qxb7+ 1-0

[Event "ch-RUS Blitz 2017"]
[Site "Sochi RUS"]
[Date "2017.10.02"]
[Round "18.20"]
[White "Novikov, Maxim"]
[Black "Antonenko, Vladimir"]
[Result "1-0"]
[WhiteTitle "GM"]
[BlackTitle "FM"]
[WhiteElo "2501"]
[BlackElo "2330"]
[WhiteFideId "4161289"]
[BlackFideId "24159409"]
[EventDate "2017.10.02"]
[EventType "blitz"]

1. e4 c5 2. Nf3 Nc6 3. Bb5 e6 4. O-O Nge7 5. d4 cxd4 6. Nxd4 b6 7. c4 Bb7 8. Nc3
Qc7 9. Be3 Nxd4 10. Qxd4 Nc6 11. Qd2 Bc5 12. Rfd1 Bxe3 13. Qxe3 O-O 14. Rac1
Rac8 15. f3 Rfd8 16. Ba4 a6 17. Nb5 axb5 18. cxb5 h6 19. Bb3 Ra8 20. bxc6 dxc6
21. a3 c5 22. Bc4 Qe5 23. Qf2 g5 24. h3 Kg7 25. Bb5 Rac8 26. Bc4 Rd4 27. Rxd4
cxd4 28. a4 Qd6 29. b3 Ba6 30. Qd2 Bxc4 31. bxc4 e5 32. Qd3 Qb4 33. Qc2 Ra8 34.
Ra1 Ra5 35. Kf1 Rc5 36. Rc1 Qa3 37. Kg1 Kg6 38. Kh2 h5 39. Rb1 Rc6 40. Rb5 f6
41. Qe2 Qxa4 42. Rd5 Qxc4 43. Qb2 h4 44. Rd8 b5 45. Qa3 Qc5 46. Qa8 Rc7 47. Rh8
Rg7 48. Qe8+ Rf7 49. Rg8+ 1-0

[Event "ch-RUS Blitz 2017"]
[Site "Sochi RUS"]
[Date "2017.10.02"]
[Round "18.21"]
[White "Belyakov, Bogdan"]
[Black "Ivlev, Aleksey"]
[Result "1-0"]
[WhiteTitle "IM"]
[BlackTitle "FM"]
[WhiteElo "2486"]
[BlackElo "2259"]
[WhiteFideId "24104795"]
[BlackFideId "24185949"]
[EventDate "2017.10.02"]
[EventType "blitz"]

1. e4 c5 2. c3 d5 3. exd5 Qxd5 4. Nf3 Nf6 5. d4 Nc6 6. Be2 e6 7. Na3 Be7 8. Nb5
Qd7 9. dxc5 Bxc5 10. Qxd7+ Kxd7 11. Bg5 a6 12. O-O-O+ Ke7 13. Nbd4 Nxd4 14. Nxd4
Rd8 15. Be3 Bd6 16. Bf3 Rb8 17. Rhe1 Kf8 18. Nc2 Ne8 19. Ba7 Ra8 20. Bb6 Bf4+
21. Kb1 Rxd1+ 22. Rxd1 Bg5 23. Ne3 e5 24. g4 Kg8 25. Nc4 h6 26. Nxe5 Bf4 27. Rd8
Bf5+ 28. gxf5 Rxd8 29. Bxd8 Bxe5 30. Bxb7 Bxh2 31. Bxa6 Bg1 32. Bh4 Nd6 33. Bd3
Bh2 34. c4 Nb7 35. b4 Kf8 36. c5 Ke8 37. a4 Kd7 38. Kc2 Be5 39. Kb3 Bd4 40. Kc4
Bb2 41. a5 Kc7 42. a6 Nd8 43. Bxd8+ 1-0

[Event "ch-RUS Blitz 2017"]
[Site "Sochi RUS"]
[Date "2017.10.02"]
[Round "18.22"]
[White "Dzhumagaliev, Yan"]
[Black "Tsoi, Dmitry"]
[Result "0-1"]
[WhiteTitle "FM"]
[BlackTitle "FM"]
[WhiteElo "2400"]
[BlackElo "2361"]
[WhiteFideId "24100110"]
[BlackFideId "24194697"]
[EventDate "2017.10.02"]
[EventType "blitz"]

1. h4 e5 2. h5 Bc5 3. c3 Qf6 4. e3 d6 5. d4 Bb6 6. a4 a5 7. Nd2 Nc6 8. Ngf3 Nh6
9. Be2 d5 10. Nxe5 Nxe5 11. dxe5 Qxe5 12. Nf3 Qd6 13. c4 Be6 14. b3 O-O-O 15.
Ba3 Bc5 16. Bxc5 Qxc5 17. Qd4 Qb4+ 18. Qd2 dxc4 19. Qxb4 axb4 20. bxc4 Nf5 21.
a5 Nd6 22. Nd2 Bf5 23. g4 Bc2 24. Ra2 Be4 25. f3 Bc6 26. Rb2 Rhe8 27. e4 g6 28.
Rxb4 f5 29. hxg6 hxg6 30. gxf5 gxf5 31. c5 fxe4 32. f4 e3 33. Nf3 Ne4 34. Rh5
Ng3 35. Rg5 Nxe2 36. Kxe2 Bxf3+ 37. Kxf3 0-1

[Event "ch-RUS Blitz 2017"]
[Site "Sochi RUS"]
[Date "2017.10.02"]
[Round "18.23"]
[White "Moiseenko, Vadim"]
[Black "Bublei, Pavel"]
[Result "0-1"]
[WhiteTitle "IM"]
[BlackTitle "FM"]
[WhiteElo "2558"]
[BlackElo "2387"]
[WhiteFideId "4123700"]
[BlackFideId "24112593"]
[EventDate "2017.10.02"]
[EventType "blitz"]

1. e4 c6 2. d4 d5 3. f3 dxe4 4. fxe4 e5 5. Nf3 exd4 6. Bc4 Nf6 7. O-O Nbd7 8. c3
dxc3 9. e5 Nd5 10. Nxc3 N7b6 11. Bb3 Bc5+ 12. Kh1 O-O 13. Ne4 Be7 14. Qe1 Bf5
15. Nd4 Bg6 16. Nf5 Bxf5 17. Rxf5 Qd7 18. Rh5 Qg4 19. Bd1 Qe6 20. Qg3 Qg6 21.
Qf3 f5 22. Ng3 f4 23. Ne4 Ne3 24. Bb3+ Nbd5 25. Nc3 Ng4 26. Nxd5 cxd5 27. Rh3
Kh8 28. Bxf4 Nxe5 29. Qxd5 Rxf4 30. Qxe5 Raf8 31. Rg1 Rf1 32. Re3 Rxg1+ 33. Kxg1
Bf6 34. Qe6 Qb1+ 35. Re1 Bd4+ 36. Kh1 Rf1+ 0-1

[Event "ch-RUS Blitz 2017"]
[Site "Sochi RUS"]
[Date "2017.10.02"]
[Round "18.24"]
[White "Gogolev, Artem"]
[Black "Sharafiev, Azat"]
[Result "1-0"]
[BlackTitle "IM"]
[WhiteElo "2408"]
[BlackElo "2433"]
[WhiteFideId "4116615"]
[BlackFideId "4186214"]
[EventDate "2017.10.02"]
[EventType "blitz"]

1. Nf3 c5 2. c4 Nc6 3. Nc3 Nf6 4. d4 cxd4 5. Nxd4 g6 6. e4 Nxd4 7. Qxd4 d6 8.
Be2 Bg7 9. O-O O-O 10. Qd3 Be6 11. Be3 a5 12. Rac1 a4 13. b3 axb3 14. axb3 Nd7
15. Nd5 Nc5 16. Qc2 Bxd5 17. exd5 Qb6 18. Rb1 Qb4 19. Bd2 Qa3 20. b4 Nd7 21. Be3
Rfc8 22. Qe4 Bf6 23. Bg4 Rc7 24. Bxd7 Rxd7 25. c5 dxc5 26. bxc5 Ra4 27. Qf3 Rc4
28. c6 bxc6 29. dxc6 Rc7 30. Rb8+ Kg7 31. Bh6+ 1-0

[Event "ch-RUS Blitz 2017"]
[Site "Sochi RUS"]
[Date "2017.10.02"]
[Round "18.26"]
[White "Chos, Alexey"]
[Black "Kezin, Roman"]
[Result "0-1"]
[WhiteTitle "IM"]
[BlackTitle "FM"]
[WhiteElo "2317"]
[BlackElo "2455"]
[WhiteFideId "14117762"]
[BlackFideId "24124621"]
[EventDate "2017.10.02"]
[EventType "blitz"]

1. e4 c5 2. Nf3 e6 3. c4 d6 4. d4 cxd4 5. Nxd4 Nf6 6. Nc3 Be7 7. Be2 O-O 8. O-O
a6 9. Be3 Qc7 10. Qd2 b6 11. Rfc1 Bb7 12. f3 Nbd7 13. Rab1 Rac8 14. b4 Qb8 15.
Kh1 Rfe8 16. Bg1 Bf8 17. Na4 d5 18. exd5 exd5 19. c5 b5 20. Nb2 Ne5 21. a4 Bc6
22. axb5 axb5 23. Ra1 Nc4 24. Nxc4 dxc4 25. Ra6 Qb7 26. Rb6 Qd7 27. Qf4 Nd5 28.
Qg4 Nxb6 29. cxb6 Qxg4 30. fxg4 Bxb4 31. Nxc6 Rxc6 32. Bf3 Rce6 33. b7 Bd6 34.
Rb1 c3 35. g3 Re1 36. Rd1 c2 37. Rxd6 c1=Q 38. Kg2 Rxg1+ 39. Kh3 Qf1+ 40. Kh4
Qxf3 41. Rb6 Qf6+ 42. Rxf6 gxf6 43. g5 fxg5+ 44. Kh5 Rb8 45. h4 Rxb7 46. Kh6
gxh4 47. g4 Rxg4 48. Kh5 Rg6 0-1

[Event "ch-RUS Blitz 2017"]
[Site "Sochi RUS"]
[Date "2017.10.02"]
[Round "18.27"]
[White "Nechaev, Oleg"]
[Black "Oganian, Miran"]
[Result "1-0"]
[WhiteTitle "FM"]
[BlackTitle "IM"]
[WhiteElo "2410"]
[BlackElo "2454"]
[WhiteFideId "24113409"]
[BlackFideId "4122488"]
[EventDate "2017.10.02"]
[EventType "blitz"]

1. d4 c5 2. d5 Nf6 3. Nc3 d6 4. e4 g6 5. Bb5+ Bd7 6. a4 Bg7 7. Nf3 O-O 8. h3 Na6
9. O-O Nc7 10. Be2 a6 11. Bf4 b5 12. axb5 axb5 13. Rxa8 Qxa8 14. e5 Nfxd5 15.
exd6 Nxf4 16. dxc7 Qc8 17. Bxb5 Bxh3 18. Nd5 Nxd5 19. Qxd5 Bg4 20. Ne5 Be6 21.
Qxc5 Qb7 22. Rd1 Qe4 23. Nc6 Qg4 24. Nxe7+ Kh8 25. Rd8 Qe4 26. Rxf8+ Bxf8 27.
Nxg6+ hxg6 28. Qxf8+ Kh7 29. c8=Q Qe1+ 30. Bf1 Bxc8 31. Qxc8 1-0

[Event "ch-RUS Blitz 2017"]
[Site "Sochi RUS"]
[Date "2017.10.02"]
[Round "18.28"]
[White "Popov, Mikhail"]
[Black "Alexeev, Alexey"]
[Result "1-0"]
[WhiteTitle "FM"]
[BlackTitle "IM"]
[WhiteElo "2416"]
[BlackElo "2299"]
[WhiteFideId "4146182"]
[BlackFideId "14106663"]
[EventDate "2017.10.02"]
[EventType "blitz"]

1. d4 d5 2. Bf4 Nf6 3. e3 g6 4. h3 Bg7 5. Nf3 O-O 6. Be2 b6 7. O-O Bb7 8. a4 c5
9. a5 Qc8 10. Nc3 Ba6 11. dxc5 Bxe2 12. Qxe2 bxc5 13. Rfd1 Rd8 14. Qb5 Qc6 15.
Bxb8 Qxb5 16. Nxb5 Raxb8 17. Nxa7 Rxb2 18. Nc6 Re8 19. Rdb1 Rxc2 20. a6 Nd7 21.
Ra4 Rb2 22. Rxb2 Bxb2 23. a7 Nb6 24. Ra5 c4 25. Rb5 c3 26. Ne1 Na8 27. Rb8 Kf8
28. Nd8 e5 29. Rxa8 d4 30. Ne6+ fxe6 31. Rxe8+ Kxe8 32. a8=Q+ Kf7 33. exd4 exd4
34. Qe4 1-0

[Event "ch-RUS Blitz 2017"]
[Site "Sochi RUS"]
[Date "2017.10.02"]
[Round "19.1"]
[White "Dubov, Daniil"]
[Black "Artemiev, Vladislav"]
[Result "1/2-1/2"]
[WhiteTitle "GM"]
[BlackTitle "GM"]
[WhiteElo "2666"]
[BlackElo "2692"]
[WhiteFideId "24126055"]
[BlackFideId "24101605"]
[EventDate "2017.10.02"]
[EventType "blitz"]

1. e4 c5 2. Nf3 e6 3. d4 cxd4 4. Nxd4 a6 5. Nc3 b5 6. Bd3 Ne7 7. O-O Nec6 8.
Nxc6 Nxc6 9. f4 Bb7 10. Be3 Be7 11. Qh5 O-O 12. Rf3 g6 13. Qh6 f5 14. exf5 exf5
15. Nd5 Rf7 16. Bb6 Qf8 17. Qxf8+ Bxf8 18. Re3 Nd8 19. Nc7 Rc8 20. Re8 Re7 21.
Rxe7 Bxe7 22. a4 Bd6 23. Ne8 Bxf4 24. Nf6+ Kf7 25. Nxd7 Bc6 26. axb5 Bxd7 27.
Rxa6 Ne6 28. c4 Nc5 29. Ra7 Ke6 30. Be2 Bd2 31. Ba5 Bxa5 32. Rxa5 Nb3 33. Ra3
Nd4 34. Bd3 Ke5 35. b4 f4 36. b6 Nc6 37. b5 Nd8 38. Ra7 Be6 39. Rxh7 Bxc4 40.
Bxc4 Rxc4 41. b7 Nxb7 42. Rxb7 Rc2 43. b6 Rb2 44. h4 Kf5 45. Rb8 Kg4 46. h5 Kxh5
47. b7 Kg5 48. Kf1 Kg4 49. Rg8 Rb1+ 50. Kf2 Rxb7 1/2-1/2

[Event "ch-RUS Blitz 2017"]
[Site "Sochi RUS"]
[Date "2017.10.02"]
[Round "19.2"]
[White "Pridorozhni, Aleksei"]
[Black "Savchenko, Boris"]
[Result "1/2-1/2"]
[WhiteTitle "GM"]
[BlackTitle "GM"]
[WhiteElo "2565"]
[BlackElo "2581"]
[WhiteFideId "4127870"]
[BlackFideId "4147332"]
[EventDate "2017.10.02"]
[EventType "blitz"]

1. e4 c5 2. Nc3 g6 3. g3 Bg7 4. Bg2 Nc6 5. Nge2 e6 6. O-O Nge7 7. d3 O-O 8. Be3
Nd4 9. Qd2 d6 10. Nd1 Rb8 11. Nxd4 cxd4 12. Bh6 Bxh6 13. Qxh6 Qc7 14. c3 Qc5 15.
Rc1 Nc6 16. Qd2 Bd7 17. cxd4 Qxd4 18. Ne3 Ne5 19. Rfd1 Rfc8 20. Rc3 Ba4 21. Rdc1
Rc6 22. Nc4 Rbc8 23. Nxe5 dxe5 24. Bf1 Kg7 25. h4 h5 26. Be2 Bb5 27. Kf1 Rd8 28.
Rxc6 Bxc6 29. Qc3 Qd6 30. Qc5 Qb8 31. Rc3 Rd7 32. Ke1 a6 33. a3 Kh7 34. Kf1 Qh8
35. Ke1 Qf6 36. Qe3 Qd8 37. Qc5 Qb8 38. Kf1 Bb5 39. Ke1 Kg7 40. Kd2 Bc6 41. Ke1
Qc7 42. Kf1 Qb8 43. Ke1 1/2-1/2

[Event "ch-RUS Blitz 2017"]
[Site "Sochi RUS"]
[Date "2017.10.02"]
[Round "19.3"]
[White "Fedoseev, Vladimir3"]
[Black "Tsydypov, Zhamsaran"]
[Result "1-0"]
[WhiteTitle "GM"]
[BlackTitle "IM"]
[WhiteElo "2731"]
[BlackElo "2529"]
[WhiteFideId "24130737"]
[BlackFideId "4108566"]
[EventDate "2017.10.02"]
[EventType "blitz"]

1. d4 Nf6 2. c4 g6 3. Nc3 Bg7 4. e4 O-O 5. Be2 d6 6. Be3 c6 7. h3 a6 8. Nf3 b5
9. a3 Bb7 10. O-O Nbd7 11. Qc2 Rc8 12. Rad1 c5 13. e5 Ne8 14. exd6 Nxd6 15. dxc5
Nxc4 16. Bxc4 bxc4 17. Qa4 Rc7 18. Bf4 Bxf3 19. gxf3 e5 20. Be3 Qe8 21. Nd5 Rc8
22. Qxc4 Qe6 23. b4 Kh8 24. Nb6 Qxc4 25. Nxc4 Nb8 26. Na5 f5 27. f4 Rfe8 28.
fxe5 Bxe5 29. Rd5 Kg8 30. Nc4 Bc7 31. Rfd1 Re6 32. Nd6 Rd8 33. Nc4 Rde8 34. Kg2
Nc6 35. Rd7 Bb8 36. Rb7 f4 37. Bc1 Rf6 38. Kf3 g5 39. Rd5 h6 40. Bb2 Rg6 41. Kg4
f3 42. Kxf3 Rf8+ 43. Kg2 g4 44. h4 g3 45. f3 Re8 46. Rd2 Rge6 47. Nd6 Re2+ 48.
Rxe2 Rxe2+ 49. Kxg3 Rxb2 50. Rb6 Bxd6+ 51. cxd6 Rc2 52. d7 Nd8 53. Rb8 Kf7 54.
Rxd8 1-0

[Event "ch-RUS Blitz 2017"]
[Site "Sochi RUS"]
[Date "2017.10.02"]
[Round "19.4"]
[White "Morozevich, Alexander"]
[Black "Andreikin, Dmitry"]
[Result "0-1"]
[WhiteTitle "GM"]
[BlackTitle "GM"]
[WhiteElo "2676"]
[BlackElo "2708"]
[WhiteFideId "4116992"]
[BlackFideId "4158814"]
[EventDate "2017.10.02"]
[EventType "blitz"]

1. e4 c5 2. Nf3 e6 3. d4 cxd4 4. Nxd4 a6 5. Bd3 Bc5 6. Nb3 Ba7 7. O-O Nc6 8. Qg4
Nf6 9. Qxg7 Rg8 10. Qh6 Ne5 11. Be2 Nxe4 12. Be3 Bb8 13. Nc3 Nf6 14. Bg5 Nfg4
15. Bxd8 Nxh6 16. Bb6 d5 17. Rfe1 Nf5 18. Nd4 Nd7 19. Nxd5 exd5 20. Bb5+ Kf8 21.
Nxf5 axb5 22. Be3 f6 23. Rad1 Ne5 24. Bc5+ Ke8 25. Ng3 Kf7 26. Rxd5 Rxa2 27. Bd4
Nc6 28. Nh5 Nxd4 29. Rxd4 Rxb2 30. Rde4 Rxc2 31. Re7+ Kg6 32. Ng3 Bd6 33. R7e4 0-1

[Event "ch-RUS Blitz 2017"]
[Site "Sochi RUS"]
[Date "2017.10.02"]
[Round "19.5"]
[White "Zvjaginsev, Vadim"]
[Black "Tomashevsky, Evgeny"]
[Result "1/2-1/2"]
[WhiteTitle "GM"]
[BlackTitle "GM"]
[WhiteElo "2643"]
[BlackElo "2710"]
[WhiteFideId "4113403"]
[BlackFideId "4147235"]
[EventDate "2017.10.02"]
[EventType "blitz"]

1. e4 c6 2. Nc3 d5 3. Qe2 d4 4. Nb1 e5 5. g3 c5 6. d3 Nc6 7. a4 Bd6 8. Bh3 Nge7
9. Bd2 Bxh3 10. Nxh3 Qd7 11. Ng5 f6 12. Nf3 b6 13. O-O O-O 14. Na3 a6 15. c3
Rab8 16. Qd1 Qe6 17. Nc4 Bc7 18. cxd4 exd4 19. Qb3 Kh8 20. Na5 Qg4 21. Nxc6 Nxc6
22. Qd1 Rbe8 23. Nh4 Qxd1 24. Rfxd1 g6 25. f4 Kg7 26. Nf3 f5 27. e5 a5 28. Ne1 1/2-1/2

[Event "ch-RUS Blitz 2017"]
[Site "Sochi RUS"]
[Date "2017.10.02"]
[Round "19.6"]
[White "Potkin, Vladimir"]
[Black "Khismatullin, Denis"]
[Result "0-1"]
[WhiteTitle "GM"]
[BlackTitle "GM"]
[WhiteElo "2574"]
[BlackElo "2628"]
[WhiteFideId "4131061"]
[BlackFideId "4142578"]
[EventDate "2017.10.02"]
[EventType "blitz"]

1. e4 e5 2. Nf3 Nc6 3. d4 exd4 4. Nxd4 Nf6 5. Nxc6 bxc6 6. e5 Qe7 7. Qe2 Nd5 8.
c4 Ba6 9. Nd2 g6 10. Nf3 Bg7 11. Bg5 f6 12. exf6 Qxe2+ 13. Bxe2 Nxf6 14. O-O-O
O-O-O 15. Rhe1 Rde8 16. Kc2 c5 17. a3 Ng4 18. Bh4 Bb7 19. b4 Bxf3 20. Bxf3 Nxh2
21. Be2 Re4 22. Bg3 Rhe8 23. Kd3 Ng4 24. bxc5 c6 25. Rb1 Rd4+ 26. Kc2 Ne5 27.
Bf1 Re6 28. Rb3 Kd8 29. Rbe3 Nxc4 30. Rxe6 dxe6 31. Rxe6 Rd2+ 32. Kb3 Na5+ 33.
Ka4 Rd1 34. Kxa5 Rxf1 35. Rd6+ Ke7 36. Rxc6 Bd4 37. Kb5 Rc1 38. Bd6+ Kd7 39.
Rc7+ Ke6 40. Rxa7 Kd5 41. Rd7 Rb1+ 42. Ka6 Kc6 43. Bf8 Kxd7 0-1

[Event "ch-RUS Blitz 2017"]
[Site "Sochi RUS"]
[Date "2017.10.02"]
[Round "19.7"]
[White "Murzin, Volodar"]
[Black "Bocharov, Dmitry"]
[Result "0-1"]
[WhiteTitle "FM"]
[BlackTitle "GM"]
[WhiteElo "2280"]
[BlackElo "2585"]
[WhiteFideId "44155573"]
[BlackFideId "4138716"]
[EventDate "2017.10.02"]
[EventType "blitz"]

1. e4 d6 2. d4 Nf6 3. Nc3 g6 4. Nf3 Bg7 5. Be2 O-O 6. O-O Nc6 7. h3 a6 8. Be3 e6
9. a3 b6 10. Nh2 e5 11. d5 Ne7 12. f4 exf4 13. Bxf4 Nd7 14. Nf3 h6 15. Qd2 g5
16. Bh2 Ng6 17. Nd4 Nde5 18. Nf5 Kh7 19. Nxg7 Kxg7 20. Bh5 Bd7 21. Qd4 f6 22.
Bxg6 Kxg6 23. Bxe5 fxe5 24. Qe3 Qe7 25. Rxf8 Rxf8 26. Rf1 Rf4 27. Ne2 Bb5 28.
Nxf4+ exf4 29. Qd4 Bxf1 30. Kxf1 Qf6 31. c3 h5 32. Kf2 g4 33. hxg4 hxg4 34. Qd3
Kg5 35. Qd4 Kg6 36. Qd3 Qh4+ 37. Ke2 Kf7 38. e5 dxe5 39. Qf5+ Qf6 40. Qxg4 Ke7
41. Kf3 Kd6 42. Ke4 Qf7 43. Kf3 Qxd5+ 44. Ke2 Qe4+ 45. Kd2 Qe3+ 46. Kd1 Qd3+ 47.
Kc1 Kc6 48. Qe6+ Qd6 49. Qc8 a5 50. a4 Kc5 51. Qe8 c6 0-1

[Event "ch-RUS Blitz 2017"]
[Site "Sochi RUS"]
[Date "2017.10.02"]
[Round "19.8"]
[White "Alekseev, Evgeny"]
[Black "Rozum, Ivan"]
[Result "0-1"]
[WhiteTitle "GM"]
[BlackTitle "GM"]
[WhiteElo "2622"]
[BlackElo "2590"]
[WhiteFideId "4138147"]
[BlackFideId "24104272"]
[EventDate "2017.10.02"]
[EventType "blitz"]

1. e4 c6 2. d4 d5 3. exd5 cxd5 4. Bd3 Nc6 5. c3 Nf6 6. h3 g6 7. Nf3 Bf5 8. Be2
Bg7 9. O-O O-O 10. Na3 Qc7 11. Nc2 Rad8 12. Re1 Rfe8 13. Ne3 Bc8 14. Nf1 Ne4 15.
Be3 a6 16. N1d2 Bf5 17. Nf1 Bc8 18. Qc1 Bf5 19. Bf4 Qb6 20. Ne3 Bc8 21. Bd3 Nf6
22. Bh2 Qa7 23. Ne5 Nxe5 24. Bxe5 Be6 25. Qd1 Qb6 26. Qb3 Qxb3 27. axb3 Nd7 28.
Bh2 Nb8 29. b4 Nc6 30. Red1 Ra8 31. Nf1 Bf5 32. Be2 Bd7 33. Ne3 e6 34. Ra2 Na7
35. Nf1 Bb5 36. Bxb5 Nxb5 37. Nd2 Bf8 38. Nb3 Bd6 39. Nc5 Bxh2+ 40. Kxh2 Nd6 41.
Kg1 Kf8 42. f3 Ke7 43. Kf2 Kd8 44. b5 a5 45. b6 Kc8 46. b3 e5 47. dxe5 Rxe5 48.
Rda1 Nf5 49. Rxa5 Rb8 50. b4 d4 51. c4 Ne3 52. Nd3 Re6 53. Rc5+ Kd8 54. Rc7 Rxb6
55. Rxf7 Nxc4 56. Rxh7 Ne3 57. Nc5 Rxb4 58. Rh8+ Kc7 59. Ne6+ Kd6 60. Rxb8 Rb2+
61. Kg3 Rxg2+ 62. Kf4 Kxe6 63. Ke4 Nf5 64. Rxb7 Nd6+ 65. Kxd4 Nxb7 66. Ke4 Rg3 0-1

[Event "ch-RUS Blitz 2017"]
[Site "Sochi RUS"]
[Date "2017.10.02"]
[Round "19.9"]
[White "Iljiushenok, Ilia"]
[Black "Sarana, Alexey"]
[Result "1-0"]
[WhiteTitle "IM"]
[BlackTitle "GM"]
[WhiteElo "2519"]
[BlackElo "2541"]
[WhiteFideId "24105074"]
[BlackFideId "24133795"]
[EventDate "2017.10.02"]
[EventType "blitz"]

1. e4 c5 2. Nc3 d6 3. Nf3 Nf6 4. d4 cxd4 5. Nxd4 a6 6. Bg5 Nbd7 7. Bc4 Qb6 8.
Bb3 e6 9. Bxf6 Nxf6 10. f4 Be7 11. Qd2 O-O 12. O-O-O Rd8 13. g4 Nxg4 14. Rhg1
Nf6 15. f5 e5 16. Qg5 Nh5 17. Qxh5 Rf8 18. Qh6 1-0

[Event "ch-RUS Blitz 2017"]
[Site "Sochi RUS"]
[Date "2017.10.02"]
[Round "19.10"]
[White "Yuffa, Daniil"]
[Black "Inarkiev, Ernesto"]
[Result "0-1"]
[WhiteTitle "GM"]
[BlackTitle "GM"]
[WhiteElo "2527"]
[BlackElo "2694"]
[WhiteFideId "24131423"]
[BlackFideId "4162722"]
[EventDate "2017.10.02"]
[EventType "blitz"]

1. g3 d5 2. Bg2 e5 3. d3 c5 4. Nf3 Nc6 5. O-O Nf6 6. e4 d4 7. a4 Be7 8. Na3 Bg4
9. h3 Bh5 10. Nc4 Nd7 11. Qe1 O-O 12. Nh2 b6 13. h4 f6 14. Bh3 Bf7 15. f4 Rb8
16. Nf3 a6 17. Bd2 b5 18. axb5 axb5 19. Na5 Nxa5 20. Rxa5 c4 21. Ra7 Nc5 22. Ba5
Qe8 23. Qe2 Ra8 24. Rxa8 Qxa8 25. Bb4 Qa2 26. fxe5 Qxb2 27. Bxc5 Bxc5 28. e6 Bh5
29. g4 Be8 30. g5 Bh5 31. Qg2 b4 32. gxf6 Rxf6 33. Ng5 Rxf1+ 34. Qxf1 Be7 35.
Bg4 Be8 36. Qf4 Qb1+ 37. Kh2 Qxc2+ 38. Kh3 Qxd3+ 39. Bf3 Bxg5 40. hxg5 Qe3 41.
Qf5 Bg6 42. Qg4 Kf8 43. Kg2 Qd2+ 44. Kh3 Qe3 45. Kg2 d3 46. Qg3 Qb6 47. Qf4+ Ke8
48. Qe5 b3 49. Qxg7 b2 50. e7 b1=Q 51. Qf8+ Kd7 52. Bg4+ Kc7 53. Qc8+ Kd6 54.
Qe6+ Kc5 55. Qd5+ Kb4 0-1

[Event "ch-RUS Blitz 2017"]
[Site "Sochi RUS"]
[Date "2017.10.02"]
[Round "19.11"]
[White "Grachev, Boris"]
[Black "Belyakov, Bogdan"]
[Result "1-0"]
[WhiteTitle "GM"]
[BlackTitle "IM"]
[WhiteElo "2654"]
[BlackElo "2486"]
[WhiteFideId "4129199"]
[BlackFideId "24104795"]
[EventDate "2017.10.02"]
[EventType "blitz"]

1. d4 Nf6 2. Bf4 g6 3. e3 Bg7 4. Nf3 d6 5. h3 O-O 6. Be2 Nfd7 7. Bh2 e5 8. c4
Nc6 9. Nc3 h6 10. O-O a6 11. Rc1 Re8 12. a3 Ne7 13. b4 b6 14. c5 bxc5 15. bxc5
exd4 16. cxd6 dxc3 17. dxc7 1-0

[Event "ch-RUS Blitz 2017"]
[Site "Sochi RUS"]
[Date "2017.10.02"]
[Round "19.12"]
[White "Popov, Ivan RUS"]
[Black "Potapov, Pavel"]
[Result "1/2-1/2"]
[WhiteTitle "GM"]
[BlackTitle "GM"]
[WhiteElo "2599"]
[BlackElo "2479"]
[WhiteFideId "4170350"]
[BlackFideId "4169786"]
[EventDate "2017.10.02"]
[EventType "blitz"]

1. e4 d5 2. exd5 Qxd5 3. Nc3 Qd6 4. d4 Nf6 5. Nf3 g6 6. Nb5 Qb6 7. a4 c6 8. Na3
Bg7 9. Nc4 Qc7 10. Be2 O-O 11. O-O Nbd7 12. a5 Nd5 13. Re1 Rb8 14. c3 b5 15.
axb6 axb6 16. Bd3 Bb7 17. Bg5 Rfe8 18. Bh4 Qc8 19. Bg3 Ra8 20. Qb3 c5 21. Nce5
Nxe5 22. Nxe5 Rxa1 23. Rxa1 cxd4 24. cxd4 e6 25. Nc4 Qc6 26. Nd6 Nf4 27. Be4
Qxd6 28. Bxb7 Ne2+ 29. Kf1 Nxg3+ 30. hxg3 Qxd4 31. Rd1 Qxb2 32. Qxb2 Bxb2 33.
Rd6 Rb8 34. Rxb6 Bd4 35. Rb4 e5 36. g4 Kg7 37. f4 h6 38. fxe5 Bxe5 39. Kf2 Rd8
40. Bf3 Rd2+ 41. Ke3 Rd7 42. Rb7 Rd6 43. Be2 Bd4+ 44. Kf3 Rf6+ 45. Kg3 Be5+ 46.
Kh3 Rf2 47. Bc4 h5 48. gxh5 gxh5 49. Rxf7+ Rxf7 50. Bxf7 Kxf7 51. g4 hxg4+ 52.
Kxg4 1/2-1/2

[Event "ch-RUS Blitz 2017"]
[Site "Sochi RUS"]
[Date "2017.10.02"]
[Round "19.13"]
[White "Korchmar, Vasiliy"]
[Black "Jakovenko, Dmitry"]
[Result "0-1"]
[WhiteTitle "IM"]
[BlackTitle "GM"]
[WhiteElo "2399"]
[BlackElo "2710"]
[WhiteFideId "24131750"]
[BlackFideId "4122356"]
[EventDate "2017.10.02"]
[EventType "blitz"]

1. d4 Nf6 2. Nf3 e6 3. Bf4 b6 4. e3 Bb7 5. Nbd2 Be7 6. h3 c5 7. c3 cxd4 8. cxd4
O-O 9. a3 Ne4 10. Bd3 d5 11. Rc1 Bd6 12. Bxd6 Qxd6 13. Ne5 f6 14. Nef3 Nd7 15.
O-O Rac8 16. Qe2 Rc7 17. Rfd1 Rfc8 18. Qf1 g5 19. Nb3 h5 20. Rxc7 Rxc7 21. Rc1
Kg7 22. Qd1 h4 23. Bxe4 dxe4 24. Nfd2 Bd5 25. Rc2 f5 26. Qc1 Rxc2 27. Qxc2 Qb8
28. Qc3 Nf6 29. Nc1 f4 30. Ne2 f3 31. Nc1 g4 32. Qb4 Qc7 33. Ncb3 gxh3 34. gxh3
Qf7 35. Kf1 Qg6 36. Qe7+ Kh6 37. Ke1 Qg1+ 38. Nf1 Kg6 39. Nd2 Qg2 40. b4 Qxh3
41. Qxa7 Qg2 42. Qxb6 h3 43. Qb8 Kf7 44. a4 Ng4 45. Qc7+ Kg6 46. Qb8 Qxf2+ 47.
Kd1 Qe2+ 48. Kc1 Nf6 49. a5 Qd3 50. b5 Qc3+ 51. Kd1 Qxa5 52. Qg3+ Kf7 53. Qb8
Qa4+ 54. Kc1 Qa3+ 55. Kd1 Qa4+ 56. Kc1 Nd7 57. Qf4+ Ke7 58. Qh4+ Nf6 59. Qg5 Kf7
60. b6 Qc6+ 61. Kd1 Qxb6 62. Qh4 Bc4 63. Nxc4 Qb3+ 64. Kd2 Qd3+ 65. Kc1 Qxc4+ 0-1